• 首页
  • 本馆介绍
  • 公告通知
  • 最新文献
  • 馆藏检索
  • 电子资源
  • 读者导购
  • 参考咨询
  • 我的图书馆
  • 登录
  • 详细信息显示
  • 放入我的书架
  • 预约/预借图书
  • 作者相关作品
  • 分类相关作品
  • 丛书相关作品
  • 出版社相关作品

书目信息

  • 表格格式
  • 工作单格式
  • 卡片格式
题名:
计算机文化基础教程
    
 
作者: 柴欣 , 于明 主编
分册:  
出版信息: 北京   海洋出版社  1999
页数: 315页
开本: 26cm
丛书名: 计算机基础教育丛书
单 册:
中图分类: TP3-05
科图分类:
主题词: 电子计算机--基本知识 , 电子计算机 , 计算技术
电子资源:
ISBN: 7-5027-4816-4
000 00880cam 2200030145
001 0659953823
005 20220929155157.22
010    @a7-5027-4816-4@dCNY23.00
100    @a20020725d1999 em y0chiy0121 ea
101 0  @achi
102    @aCN@b110000
105    @ay z 000yy
106    @ar
200 10 @a计算机文化基础教程@eWindows 98+Office 97@f柴欣, 于明主编@Aji suan ji wen hua ji chu jiao cheng
205    @a2001年最新修订
210    @a北京@c海洋出版社@d1999@h2001重印
215    @a315页@d26cm
225 2  @a计算机基础教育丛书
410  0 @1 2001@a计算机基础教育丛书
517 1  @aWindows 98+Office 97@AWindows 98+Office 97
606 0  @a电子计算机@x基本知识
606 0  @a电子计算机
606 0  @a计算技术
690    @aTP3-05@v3
701  0 @a柴欣@4主编@Achai xin
701  0 @a于明@4主编@Ayu ming
801 0  @c20070723
905    @a10447@dTP3-05@e354
    
    计算机文化基础教程:Windows 98+Office 97/柴欣, 于明主编.-2001年最新修订 .-北京:海洋出版社,1999(2001重印 )
    315页;26cm .-(计算机基础教育丛书 )
    
    
    ISBN 7-5027-4816-4:CNY23.00
    
●
相关链接 在E读中查询图书 在五车中查询图书 在当当中查询图书 在豆瓣中查询图书


正题名:计算机文化基础教程     索取号:TP3-05/354         预约/预借

序号 登录号 条形码 馆藏地/架位号 状态 备注
1 0483875   204838756   密集书库/ [索取号:TP3-05/354] 在馆    
2 0483876   204838765   密集书库/ [索取号:TP3-05/354] 在馆    
3 0483877   204838774   密集书库/ [索取号:TP3-05/354] 在馆    
4 0511380   205113802   密集书库/ [索取号:TP3-05/354] 在馆    
5 0511381   205113811   密集书库/ [索取号:TP3-05/354] 在馆    
6 0511382   205113820   密集书库/ [索取号:TP3-05/354] 在馆    
7 0511383   205113839   密集书库/ [索取号:TP3-05/354] 在馆    
8 0511384   205113848   密集书库/ [索取号:TP3-05/354] 在馆    
9 0512287   205122874   密集书库/ [索取号:TP3-05/354] 在馆    
10 0512288   205122883   密集书库/ [索取号:TP3-05/354] 在馆    
11 0512289   205122892   密集书库/ [索取号:TP3-05/354] 在馆    
12 0512290   205122909   密集书库/ [索取号:TP3-05/354] 在馆    
13 0512291   205122918   密集书库/ [索取号:TP3-05/354] 在馆    
14 0512292   205122927   密集书库/ [索取号:TP3-05/354] 在馆    
15 0512293   205122936   密集书库/ [索取号:TP3-05/354] 在馆    
16 0512294   205122945   密集书库/ [索取号:TP3-05/354] 在馆    
17 0512295   205122954   密集书库/ [索取号:TP3-05/354] 在馆    
18 0512296   205122963   密集书库/ [索取号:TP3-05/354] 在馆    
19 0512297   205122972   密集书库/ [索取号:TP3-05/354] 在馆    
20 0512298   205122981   密集书库/ [索取号:TP3-05/354] 在馆    
21 0512299   205122990   密集书库/ [索取号:TP3-05/354] 在馆    
22 0512300   205123007   密集书库/ [索取号:TP3-05/354] 在馆    
23 0512301   205123016   密集书库/ [索取号:TP3-05/354] 在馆    
24 0512302   205123025   密集书库/ [索取号:TP3-05/354] 在馆    
25 0512303   205123034   密集书库/ [索取号:TP3-05/354] 在馆    
26 0517467   205174675   密集书库/ [索取号:TP3-05/354] 在馆    
27 0630674   206306745   密集书库/ [索取号:TP3-05/354] 在馆    
28 0762930   207629306   密集书库/ [索取号:TP3-05/354] 在馆    
29 0764388   207643889   密集书库/ [索取号:TP3-05/354] 在馆    
30 0764389   207643898   密集书库/ [索取号:TP3-05/354] 在馆    
31 0765081   207650816   密集书库/ [索取号:TP3-05/354] 在馆    
32 0765348   207653485   密集书库/ [索取号:TP3-05/354] 在馆    
33 0766869   207668692   密集书库/ [索取号:TP3-05/354] 在馆    
34 0768434   207684344   密集书库/ [索取号:TP3-05/354] 在馆    
35 0768502   207685021   密集书库/ [索取号:TP3-05/354] 在馆    
36 0782701   207827011   密集书库/ [索取号:TP3-05/354] 在馆    
唐山师范学院图书馆 欢迎您!
大连网信软件有限公司© 版权所有